Design of Steel Structures Vol.II (Record no. 9182)
[ view plain ]
| 000 -LEADER | |
|---|---|
| fixed length control field | 00456cam a2200169ua 4500 |
| 003 - CONTROL NUMBER IDENTIFIER | |
| control field | OSt |
| 008 - FIXED-LENGTH DATA ELEMENTS--GENERAL INFORMATION | |
| fixed length control field | 250610b |||||||| |||| 00| 0 eng d |
| 020 ## - INTERNATIONAL STANDARD BOOK NUMBER | |
| ISBN | 9788172336448 |
| 082 ## - DEWEY DECIMAL CLASSIFICATION NUMBER | |
| Classification number | 624.1821 |
| Item number | RAM/DE |
| 100 ## - MAIN ENTRY--AUTHOR NAME | |
| Personal name | Ram, Chandra . |
| 100 ## - MAIN ENTRY--AUTHOR NAME | |
| Personal name | Gehlot,Virendra |
| 245 ## - TITLE STATEMENT | |
| Title | Design of Steel Structures Vol.II |
| 250 ## - EDITION STATEMENT | |
| Edition statement | 7 / 9 th Revised nd Enlarged |
| 260 ## - PUBLICATION, DISTRIBUTION, ETC. (IMPRINT) | |
| Place of publication | Jodhpur |
| Name of publisher | Scientic Publishers (India) |
| Year of publication | 2010 |
| 300 ## - PHYSICAL DESCRIPTION | |
| Number of Pages | 884/972 |
| 942 ## - ADDED ENTRY ELEMENTS (KOHA) | |
| Koha item type | Books |
| Withdrawn status | Lost status | Damaged status | Home library | Current library | Date acquired | Full call number | Accession Number | Koha item type | Collection code | Shelving location | Source of acquisition | Cost, normal purchase price |
|---|---|---|---|---|---|---|---|---|---|---|---|---|
| KAUAET | KAUAET | 07/04/2012 | 624.1821 RAM/DE | 18543 | Books | |||||||
| KAUAET | KAUAET | 07/07/2016 | 624.1821 RAM/DE | 24959 | Books | General Stacks | Aman Book Stall, Calicut | 280.00 | ||||
| KAUAET | KAUAET | 21/07/2016 | 624.1821. RAM/DE | 24961 | Books | General Stacks | Aman Book Stall, Calicut | 460.00 |
